Statistics for Every Sony Console

Click here to take the quiz!

General Stats

  • This quiz has been taken 32 times
  • The average score is 8 of 14

Answer Stats

Years SoldConsole% Correct
1994-2006PlayStation
100%
2000-2011PlayStation 2
90%
2006-2014PlayStation 3
90%
2013-2020PlayStation 4
90%
2020-PresentPlayStation 5
90%
2004-2010PlayStation Portable
76%
2011-2019PlayStation Vita
67%
2016-PresentPlayStation 4 Pro
38%
2016-2021PlayStation 4 Slim
38%
2004-2012PlayStation 2 Slim
33%
2009-2016PlayStation 3 Slim
33%
2000-2006PlayStation One
19%
2012-2018PlayStation 3 Super Slim
10%
2018-PresentPlayStation Classic
10%

Score Distribution

Percentile by Number Answered

Percent of People with Each Score

Your Score History

You have not taken this quiz